00414nam a2200157Ia 4500003000400000005001700004008004100021040000700062041000800069082001500077100002300092245007500115260004200190300001100232365001300243OSt20230327103514.0210423s2006 xx 000 0 und d cAL aeng a658.8 SORD aSORNETTE (Didier). aWhy stock markets crash: critical events in complex financial systems. aNew DelhibNew American Libraryc2006 axx,421 b275cINR